000 01004nam a22003137i 4500
003 URS
005 20230817135759.0
008 170731b xxu||||| |||| 00| 0 eng d
020 _a0026684500
020 _a0026762404 (data trakt)
040 _beng
_cURS
_erda
050 0 0 _aHF5383
_b.F24 1987
100 1 _aFarr, J. Michael.
_eauthor.
245 1 4 _aThe Work book :
_bgetting the job you want /
_cJ. Michael Farr, Richard Gaither, R. Michael Pickrell.
246 3 0 _aGetting the job you want
250 _a4th ed.
264 1 _aNew York :
_bGlencoe/McGraw-Hill,
_c©1987.
264 4 _c©1987.
300 _a160 pages :
_billustrations, forms ;
_c28 cm.
_e1 booklet
336 _2rdacontent
_atext
337 _2rdamedia
_aunmediated
338 _2rdacarrier
_avolume
650 0 _aApplications for positions.
650 0 _aRésumés (Employment)
650 0 _aEmployment interviewing.
700 1 _aGaither, Richard.
_eauthor.
700 1 _aPickrell, R. Michael.
_eauthor.
942 _2lcc
_cFR
999 _c72492
_d72491